Melancholy, medicine and religion in early modern England reading the anatomy of melancholy

Saved in:
Bibliografiske detaljer
Hovedforfatter: LUND, Mary Ann
Format: Bog
Sprog:engelsk
Udgivet: Cambridge University Press 2010
Tags: Tilføj Tag
Ingen Tags, Vær først til at tagge denne postø!

MARC

LEADER 00000nam a22000007a 4500
008 230711b |||||||| |||| 00| 0 eng d
020 |a 9781107699964 
100 |a LUND, Mary Ann 
245 |a Melancholy, medicine and religion in early modern England   |b reading the anatomy of melancholy  |c Mary Ann Lund  |g xii, 223p 
260 |b Cambridge University Press  |c 2010  |h New York   |i 700331  |i 700332  |l PR2224.L94  |m Burton, Robert, 1577-1640, Anatomy of melancholy  |m Melancholy in literature  |m Mind and body in literature  |m Bibliotherapy-England-History-17th century  |m Mind and body therapies-England-History-17th century  |m Literature and Medicine- England-History-17th century  |m Medicine-Religious aspects 
500 |a Includes bibliographical references and index 
942 |a lcc  |c BK  |e JOHNSON  |f 10/07/23 
952 |0 0  |1 0  |2 lcc  |4 0  |6 PR2224 L94  |7 0  |9 4282  |a ART  |b HOL  |c LP  |d 2023-07-11  |l 0  |o PR2224.L94  |p 2023-0209  |r 2023-07-11 00:00:00  |t 700331  |w 2023-07-11  |y BK 
952 |0 0  |1 0  |2 lcc  |4 0  |6 PR2224 L94  |7 0  |9 4283  |a HOL  |b HOL  |c LP  |d 2023-07-11  |l 0  |o PR2224.L94  |p 2023-0210  |r 2023-07-11 00:00:00  |t 700332  |w 2023-07-11  |y BK 
999 |c 2151  |d 2151